| 000 | 00363nam a2200157Ia 4500 | ||
|---|---|---|---|
| 008 | 221030s9999 xx 000 0 und d | ||
| 020 | _a8121905990 | ||
| 041 | _aEnglish | ||
| 082 | _a105.23 | ||
| 100 | _aD. S. Mathur | ||
| 245 | 0 |
_aMechanics _cby D. S. Mathur |
|
| 260 |
_bS. Chand & Co. _aNew Delhi _c2007 |
||
| 300 | _a818 | ||
| 650 | _aPhysics | ||
| 942 | _cBK | ||
| 999 |
_c5597 _d5597 |
||